US Westernmost States (W-E) Quiz Stats

 Plays Quiz Updated Jul 5, 2012

Challenge
Share
Tweet
Embed
Score 0/50 Timer 05:00
6 Plays Today
Longitude State % Correct
179° 09' 00''Alaska
99.5%
178° 19' 56''Hawai'i
97.6%
124° 46' 18''Washington
96.9%
124° 24' 55''California
96.2%
124° 36' 47''Oregon
96%
120° 00' 23''Nevada
92.7%
117° 14' 28''Idaho
88.7%
116° 03' 00''Montana
85%
114° 49' 00''Arizona
84.1%
114° 03' 11''Utah
81.1%
111° 03' 25''Wyoming
77.9%
109° 03' 37''Colorado
77.9%
109° 03' 00''New Mexico
77.6%
106° 38' 44''Texas
75.5%
104° 03' 28''South Dakota
71.4%
104° 02' 57''North Dakota
68.9%
104° 03' 13''Nebraska
68.2%
103° 00' 08''Oklahoma
66.5%
102° 03' 06''Kansas
64.9%
97° 14' 18''Minnesota
61.8%
96° 38' 22''Iowa
59.9%
95° 46' 22''Missouri
58.4%
94° 37' 05''Arkansas
56.2%
94° 02' 35''Louisiana
54%
92° 53' 19''Wisconsin
52.3%
Longitude State % Correct
91° 30' 43''Illinois
46.7%
91° 38' 40''Mississippi
46.4%
90° 25' 04''Michigan
41.9%
90° 18' 37''Tennessee
40.6%
89° 34' 09''Kentucky
40%
88° 28' 24''Alabama
37.8%
88° 05' 50''Indiana
37%
71° 05' 04''Maine
34.8%
87° 38' 06''Florida
32.6%
84° 49' 13''Ohio
30.9%
85° 36' 19''Georgia
30.6%
84° 19' 19''North Carolina
27.1%
83° 40' 31''Virginia
25.5%
79° 45' 44''New York
24.2%
71° 53' 32''Rhode Island
23.9%
80° 31' 09''Pennsylvania
23.4%
83° 21' 12''South Carolina
23.2%
72° 33' 18''New Hampshire
23.1%
82° 38' 38''West Virginia
22.4%
73° 25' 50''Vermont
22.3%
79° 29' 16''Maryland
22%
73° 30' 29''Massachusetts
21.4%
73° 43' 40''Connecticut
21.2%
75° 33' 35''New Jersey
21.1%
75° 47' 21''Delaware
21.1%

You're not logged in!

Compare scores with friends on all Sporcle quizzes.
Join for Free
OR
Log In

You Might Also Like...

Show Comments

Extras

Top Quizzes Today


Score Distribution

Your Account Isn't Verified!

In order to create a playlist on Sporcle, you need to verify the email address you used during registration. Go to your Sporcle Settings to finish the process.

Report this User

Report this user for behavior that violates our Community Guidelines.

Details: